000 01178nas a2200361 4500
001 BR8301347
003 BR-BrBNA
005 20231205085457.0
007 ta
008 230509b bl.|||p| |||| 00| 00por d
040 _aBR-BrBNA
_bpor
_cBiblioteca Nacional de Agricultura
041 _a(Pt)
072 _aF10; F00
100 1 _aSa, D.F. de
100 1 _aAlmeida, H.A. de
100 1 _aSilva, L.F. da
100 1 _aLeao, A.C.
111 1 _a8. Conferencia Internacional de Pesquisas em Cacau
_cCartagena (Colombia)
_dOct 1981
245 1 _aFatores edafo-climaticos seletivos ao zoneamento da cacauicultura no Sudeste da Bahia [Brasil]
246 1 _aSelected edaphic-climatic factors for cacao zoning in Southeast Bahia, Brazil
650 _aCACAU
650 _aZONEAMENTO AGRICOLA
650 _aSOLO
650 _aCLIMA
650 _aZONEAMENTO CLIMATICO
650 _aAPTIDAO AGRICOLA
650 _aAPTIDAO CLIMATICA
650 _aBAHIA
773 0 _tRevista Theobroma (Brazil)
_xISSN 0370-7962
_g(Jul 1982), v. 12(3) p. 169-187
_wBR8301347
856 4 0 _dLink DSPACE/MAPA BR8301347
909 _a202311
_bLúcia
_c55
_dLúcia Elande
942 _2AGRIS
_n0
_cANA
999 _c111687
_d111687